Visualizzazione normale
Vista MARC
- Vollenweider Andreas
di Personal Name
Records bibliografici associati: 1
001 - CONTROL NUMBER
- control field: 22697
003 - CONTROL NUMBER IDENTIFIER
- control field: IT-RoPau
005 - DATE AND TIME OF LATEST TRANSACTION
- control field: 20140428215005.0
008 - FIXED-LENGTH DATA ELEMENTS
- fixed length control field: 140428|| aca||aabn | a|a d
040 ## - CATALOGING SOURCE
- Original cataloging agency: IT-RoPau
- Transcribing agency: IT-RoPau
100 ## - HEADING--PERSONAL NAME
- Personal name: Vollenweider Andreas
- Miscellaneous information: Codice interprete SPICS: 18937
- Relator term: Interprete
670 ## - SOURCE DATA FOUND
- Source citation: Work cat.: (IT-RoPau)101068: Vollenweider Andreas 22694, Behind the Gardens-Behind the Wall-Under the Tree...